000
00512nam a2200169Ia 4500
008
090711s9999 xx 000 0 und d
082
_b
80516
100
_a
िSाात्ळे बाळ
245
_a
वैमानिक गूढकथा
260
_c
1970
300
_a
157
600
_a
िSाात्ळे बाळ
630
_a
वैमानिक गूढकथा
700
_a
िSाात्ळे बाळ
730
_a
वैमानिक गूढकथा
942
_c
BOOK
999
_c
305261
_d
305261